| 000 | 01195nam2a22002531 4500 | ||
|---|---|---|---|
| 001 | rc\505204 | ||
| 005 | 20250621135324.0 | ||
| 035 | _a(NLR Aleph) 005810488 | ||
| 090 |
_a5382100 _c5382100 |
||
| 100 | _a20030616d1988 |||y0rusy50 ca | ||
| 101 | 0 |
_arus _a9hu |
|
| 102 | _aRU | ||
| 105 | _ay ||||||||| | ||
| 200 | 1 | _aА - З | |
| 210 |
_d1988 _aБ. м. |
||
| 215 | _a575, [1] с. | ||
| 461 | 0 |
_1001rc\505203 _12001#$aШугнанско-русский словарь$eОк. 30000 слов и словосочетаний$eВ 3 т.$fПод ред. А.Л. Грюнберга$g[АН СССР, Ин-т востоковедения, АН ТаджССР, Ин-т яз. и лит. им. Рудаки]$vТ. 1 _1700#1$aКарамшоев$bД.К.$gДодхудо Карамшоевич$f1932- _95382092 _aКарамшоев, Д.К. (1932-) _cМ. _d1988- _fПод ред. А.Л. Грюнберга _nНаука _oОк. 30000 слов и словосочетаний : В 3 т. _tШугнанско-русский словарь _vТ. 1 |
|
| 801 | 0 |
_aRU _bNLR _gpsbo |
|
| 801 | 1 |
_aRU _bELAR _2rusmarc |
|
| 852 |
_aNLR _bОНЛ _jОЛСАА |
||
| 852 |
_aNLR _bОНЛ _j./3-15 |
||
| 942 | _cBOOK | ||
| 980 | _aNB | ||